000
00250nam a2200097Ia 4500
001
1044932
005
20250826232149.0
008
250824s9999 xx 000 0 und d
245
0
_a
SÖZÜN EŞİĞİNDE
_c
İHSAN FAZLIOĞLU
260
_b
KETEBE YAYINLARI
999
_c
1044932
_d
1044932